[Event "AUTO-OPEN-4420"]
[Site "http://www.queenalice.com/game.php?id=1817294"]
[Date "2023.7.26"]
[Round "2"]
[White "josebaron"]
[Black "DIVYA99"]
[Result "0-1"]
[WhiteElo "2206"]
[BlackElo "2358"]

1. e4 c6 2. Nf3 d5 3. exd5 cxd5 4. d4 Nc6 5. Bb5 Qa5+ 6. Nc3 Bg4 7. Bxc6+ bxc6
8. O-O e6 9. a3 Bd6 10. h3 Bh5 11. Re1 Nf6 12. Qd3 O-O 13. Ne5 Bxe5 14. dxe5 Nd7
15. b4 Qc7 16. Na4 Rfc8 17. Qb3 c5 18. c4 d4 19. Nb2 Bg6 20. Nd3 cxb4 21. axb4
Qxc4 22. Qxc4 Rxc4 23. Nf4 Rxb4 24. Ba3 Rb3 25. Nxg6 hxg6 26. Bd6 d3 27. Re4 a5
28. Rd4 a4 29. Rd1 Nb6 30. R1xd3 Rxd3 31. Rxd3 Nc4 32. Rc3 a3 33. Rxc4 a2 34.
Rc1 a1=Q 35. Rxa1 Rxa1+ 36. Kh2 g5 0-1

[Event "AUTO-OPEN-4420"]
[Site "http://www.queenalice.com/game.php?id=1817295"]
[Date "2023.7.26"]
[Round "2"]
[White "DIVYA99"]
[Black "josebaron"]
[Result "1-0"]
[WhiteElo "2349"]
[BlackElo "2224"]

1. e4 e5 2. Nf3 Nc6 3. Bb5 d6 4. d4 exd4 5. Nxd4 Bd7 6. Nc3 Nf6 7. O-O Be7 8.
Nxc6 Bxc6 9. Bxc6+ bxc6 10. f4 O-O 11. Qf3 Qc8 12. h3 1-0

[Event "AUTO-ELITE-2503"]
[Site "http://www.queenalice.com/game.php?id=1824144"]
[Date "2023.10.29"]
[Round "1"]
[White "DIVYA99"]
[Black "Sexxy_Bunny"]
[Result "1/2-1/2"]
[WhiteElo "2434"]
[BlackElo "2701"]

1. d4 Nf6 2. c4 e6 3. Nf3 d5 4. g3 Be7 5. Bg2 O-O 6. O-O dxc4 7. Qc2 a6 8. a4
Bd7 9. Qxc4 Bc6 10. Bg5 Bd5 11. Qc2 Be4 12. Qc1 h6 13. Bxf6 Bxf6 14. Rd1 a5 15.
Nbd2 Bxf3 16. Bxf3 c6 17. Ne4 Na6 18. h4 Be7 19. e3 Nb4 20. Qc4 Qc7 21. Rac1 Qb6
22. Nd2 Rfd8 23. h5 Rac8 24. Kg2 Rc7 25. b3 c5 26. Ne4 Na2 27. Rc2 Nb4 28. Rc3
Qa6 29. dxc5 Rxd1 30. Bxd1 Qxc4 31. Rxc4 Na6 32. Rd4 Kf8 33. Bf3 Nxc5 34. Nxc5
Bxc5 35. Rd8+ Ke7 36. Rg8 Kf6 37. Rd8 Bb4 38. Be4 Rc5 39. g4 b5 40. Bd3 bxa4 41.
bxa4 Rc3 42. Bb5 Rb3 43. Rd7 1/2-1/2

[Event "AUTO-ELITE-2503"]
[Site "http://www.queenalice.com/game.php?id=1824145"]
[Date "2023.10.29"]
[Round "1"]
[White "Sexxy_Bunny"]
[Black "DIVYA99"]
[Result "1/2-1/2"]
[WhiteElo "2701"]
[BlackElo "2439"]

1. e4 c5 2. Nf3 Nc6 3. d4 cxd4 4. Nxd4 Nf6 5. Nc3 e5 6. Ndb5 d6 7. Bg5 a6 8. Na3
b5 9. Nd5 Be7 10. Bxf6 Bxf6 11. c3 Rb8 12. Nc2 Bg5 13. a4 bxa4 14. Ncb4 Nxb4 15.
cxb4 Bd7 16. Bxa6 O-O 17. O-O Bc6 18. Rxa4 Bxa4 19. Qxa4 Kh8 20. b5 Qd7 21. Qc4
Bd8 22. Qc6 Qa7 23. Qxd6 Bb6 24. Qxe5 Bd4 25. Qc7 Qxc7 26. Nxc7 Rfd8 27. g3 Rd7
28. Nd5 f5 29. Rd1 Bxb2 30. exf5 Ba3 31. Rd3 Bc5 32. Nf4 Rxd3 33. Nxd3 Ba7 34.
Kf1 Rd8 35. Ke2 Rd5 36. g4 g6 37. Nb4 Rd6 38. Bc8 gxf5 39. Bxf5 Bc5 40. Nc6 Rh6
41. f3 Rxh2+ 42. Kd3 Kg7 43. Be4 h5 44. Kc4 Bb6 45. gxh5 Rxh5 46. Nb8 Rh6 47.
Nd7 Bf2 48. Ne5 Rh5 49. Nd3 Be3 50. Nb2 Rh8 51. Na4 Rh6 52. Nc3 Kf7 53. Nd5 Bf2
54. Bc2 Rh8 55. Bf5 Rb8 1/2-1/2

[Event "AUTO-OPEN-4444"]
[Site "http://www.queenalice.com/game.php?id=1827379"]
[Date "2023.12.17"]
[Round "2"]
[White "grotegeest"]
[Black "DIVYA99"]
[Result "1/2-1/2"]
[WhiteElo "2699"]
[BlackElo "2468"]

1. e4 c5 2. Nf3 d6 3. d4 cxd4 4. Nxd4 Nf6 5. Nc3 a6 6. Bc4 e6 7. Bb3 b5 8. O-O
Be7 9. f4 O-O 10. e5 dxe5 11. fxe5 Nfd7 12. Be3 Nxe5 13. Qh5 Qc7 14. Rad1 Nbc6
15. Nxc6 Nxc6 16. Kh1 b4 17. Na4 Bb7 18. Bf4 Qa5 19. Qxa5 Nxa5 20. Nb6 Ra7 21.
Be3 Bc6 22. Nc8 Rxc8 23. Bxa7 Bb5 24. Rf2 Nxb3 25. axb3 1/2-1/2

[Event "AUTO-OPEN-4444"]
[Site "http://www.queenalice.com/game.php?id=1827380"]
[Date "2023.12.17"]
[Round "2"]
[White "DIVYA99"]
[Black "grotegeest"]
[Result "1-0"]
[WhiteElo "2455"]
[BlackElo "2714"]

1. d4 Nf6 2. c4 g6 3. Nc3 Bg7 4. e4 d6 5. Be2 O-O 6. Be3 c5 7. d5 e6 8. Nf3 exd5
9. cxd5 Bg4 10. Nd2 Bxe2 11. Qxe2 Nbd7 12. a4 Ne8 13. O-O a6 14. h3 Qe7 15. Nc4
Rb8 16. Bf4 g5 17. Bg3 f5 18. f4 b5 19. Na5 Bxc3 20. bxc3 1-0

[Event "AUTO-ELITE-2513"]
[Site "http://www.queenalice.com/game.php?id=1827826"]
[Date "2023.12.23"]
[Round "1"]
[White "DIVYA99"]
[Black "delphicoracle"]
[Result "1-0"]
[WhiteElo "2423"]
[BlackElo "2563"]

1. e4 c5 2. Nf3 Nc6 3. Bb5 d6 4. O-O Bd7 5. Re1 Nf6 6. c3 a6 7. Bf1 Bg4 8. d4
cxd4 9. cxd4 d5 10. e5 Nd7 11. e6 Bxe6 12. Nc3 Nf6 13. Rxe6 fxe6 14. g3 h6 15.
Bd3 Kd7 16. Na4 Kc8 17. Nc5 Qb6 18. Be3 Nd7 19. Nxe6 g5 20. Bf5 Kb8 21. Ne5 Nf6
22. Rc1 Na5 23. Rc5 Ka7 24. Qa4 1-0

[Event "AUTO-ELITE-2513"]
[Site "http://www.queenalice.com/game.php?id=1827827"]
[Date "2023.12.23"]
[Round "1"]
[White "delphicoracle"]
[Black "DIVYA99"]
[Result "0-1"]
[WhiteElo "2561"]
[BlackElo "2485"]

1. d4 Nf6 2. Nf3 d5 3. g3 Bf5 4. Bg2 e6 5. c4 c6 6. Nc3 h6 7. Qb3 Qb6 8. c5 Qxb3
9. axb3 Be7 10. b4 O-O 11. O-O a6 12. Nd2 Bc2 13. Nf3 Nbd7 14. Bf4 g5 15. Bd2
Kh7 16. Ne1 Bg6 17. Nd3 Bxd3 18. exd3 Nh5 19. Bh3 Ndf6 20. Ne2 Ng7 21. g4 Ng8
22. f4 f5 23. Ng3 h5 24. gxh5 g4 25. Bg2 Bh4 26. Be1 Nf6 27. Rd1 Kh6 28. Bf2
Nfxh5 29. Ne2 Bxf2+ 30. Kxf2 Kg6 31. Rh1 Rh8 32. h3 Nf6 33. b3 Rh7 34. Rdg1 Rah8
35. Kg3 Kf7 36. Re1 Ngh5+ 37. Kf2 Ng8 38. hxg4 fxg4 39. Rh4 Nhf6 40. Rxh7+ Rxh7
41. Ng3 Ne7 42. Rf1 Nf5 43. Ne2 Rh4 44. Kg1 g3 45. Rf3 Ng4 46. Nxg3 Nxd4 47. Rf1
Ne3 48. Rf2 Kf6 49. Nf1 Ng4 50. Rb2 Kf5 0-1

[Event "AUTO-ELITE-2519"]
[Site "http://www.queenalice.com/game.php?id=1829880"]
[Date "2024.1.22"]
[Round "1"]
[White "acid"]
[Black "DIVYA99"]
[Result "1/2-1/2"]
[WhiteElo "2735"]
[BlackElo "2444"]

1. e4 c5 2. Nc3 d6 3. Nf3 Nf6 4. d4 cxd4 5. Nxd4 a6 6. Be3 e5 7. Nb3 Be6 8. h3
Be7 9. Be2 Nbd7 10. O-O O-O 11. a4 Nb6 12. Qd3 Nc4 13. Bc1 Rc8 14. Rd1 Qd7 15.
Nd2 Bd8 16. Nf1 Bb6 17. Ng3 Bd4 18. Rb1 Na3 19. Ra1 Nc4 20. Bf1 Qc7 21. Rb1 Nxb2
22. Bxb2 Bxc3 23. Bxc3 Qxc3 24. Rxb7 Qxc2 25. Qxc2 Rxc2 26. Bxa6 h5 27. Rb4 d5
28. exd5 Nxd5 29. Rbb1 Nc3 30. Rdc1 Rxc1+ 31. Rxc1 1/2-1/2